Największe powiaty w Polsce - Statystyki

Ogólne statystyki
  • Ten quiz został rozwiązany 133 razy
  • Średni wynik to 11 z 20
Statystyki odpowiedzi
# Powiat Powierzchnia km² Województwo % Poprawnych
2 olsztyński 2 838,02 warmińsko-mazurskie
92%
1 białostocki 2 976,44 podlaskie
91%
5 kielecki 2 246,07 świętokrzyskie
77%
10 poznański 1 899,88 wielkopolskie
77%
4 słupski 2 304,24 pomorskie
72%
12 zamojski 1 870,29 lubelskie
66%
3 bialski 2 754,26 lubelskie
60%
11 chełmski 1 885,60 lubelskie
58%
6 bytowski 2 192,07 pomorskie
56%
7 ostrołęcki 2 093,55 mazowieckie
49%
15 płocki 1 796,63 mazowieckie
48%
9 szczycieński 1 933,21 warmińsko-mazurskie
42%
17 ostródzki 1 766,29 warmińsko-mazurskie
39%
8 sokólski 2 054,50 podlaskie
39%
18 szczecinecki 1 765,42 zachodniopomorskie
39%
13 gryfiński 1 869,11 zachodniopomorskie
38%
16 piski 1 774,58 warmińsko-mazurskie
38%
19 drawski 1 764,24 zachodniopomorskie
37%
20 biłgorajski 1 681,10 lubelskie
32%
14 czarnkowsko-trzcianecki 1 806,05 wielkopolskie
22%
Nie znaleziono quizów pasujących do podanych kryteriów
Rozkład punktacji
Procent ludzi z każdym wynikiem
Percentyl według liczby udzielonych odpowiedzi
Twoja historia wyników
Nie rozwiązałeś tego quizu